书目信息 |
| 题名: |
体育市场
|
|
| 作者: | 耿力中 著 | |
| 分册: | ||
| 出版信息: | 北京 人民体育出版社 2002 |
|
| 页数: | 146页 | |
| 开本: | 19cm | |
| 丛书名: | ||
| 单 册: | ||
| 中图分类: | G80-05 | |
| 科图分类: | ||
| 主题词: | 体育--市场学--研究 | |
| 电子资源: | ||
| ISBN: | 7-5009-2237-X | |
| 000 | 00753nam0 2200229 45 | |
| 001 | 012002008593 | |
| 005 | 20050111085542.2 | |
| 010 | @a7-5009-2237-X@dCNY12.00 | |
| 100 | @a20020123d2002 em y0chiy0110 ea | |
| 101 | 0 | @achi |
| 102 | @aCN@b110000 | |
| 105 | @ay z 000yy | |
| 200 | 1 | @a体育市场@Ati yu shi chang@e策略与管理@ECe Lue Yu Guan Li@f耿力中著@FGeng Li Zhong Zhu |
| 210 | @a北京@c人民体育出版社@d2002 | |
| 215 | @a146页@d19cm | |
| 330 | @a本书包括:体育市场的概念与起源、体育市场的机会与风险、体育市场的基本内容、体育消费与体育消费者等内容。 | |
| 517 | @a策略与管理@ACe Lue Yu Guan Li | |
| 606 | 0 | @a体育@x市场学@x研究 |
| 690 | @aG80-05@v4 | |
| 701 | 0 | @a耿力中@4著 |
| 801 | 0 | @aCN@bNLC@c20020130 |
| 905 | @b342269-271@dG80-05@e140@f3 | |
| 体育市场:策略与管理/耿力中著.-北京:人民体育出版社,2002 |
| 146页;19cm |
| ISBN 7-5009-2237-X:CNY12.00 |
| 本书包括:体育市场的概念与起源、体育市场的机会与风险、体育市场的基本内容、体育消费与体育消费者等内容。 |
| ● |
| 相关链接 |
|
|
|
|
正题名:体育市场
索取号:G80-05/140
 
预约/预借
| 序号 | 登录号 | 条形码 | 馆藏地/架位号 | 状态 | 备注 |
| 1 | 0342269 | 203422698 | 第一样本阅览室/ [索取号:G80-05/140] | 在馆 | |
| 2 | 0342270 | 203422705 | 第四借阅区/ [索取号:G80-05/140] | 在馆 | |
| 3 | 0342271 | 203422714 | 第四借阅区/ [索取号:G80-05/140] | 在馆 |